000 00539nam a2200181Ia 4500
008 100920s9999 xx 000 0 und d
082 _b70165
_a--- 0
100 _aबेडेकर विश्राम.
245 _aरणांगण.
260 _bदेशमुख आणि कंपनी, पुणे.
_c1994
300 _a121
_bसाधी
365 _b45
520 _aकादंबरी.
630 _aरणांगण.
650 _aकादंबरी.
730 _aरणांगण.
942 _cBOOK
999 _c712212
_d712209